| 000 | 00600nam a22001937a 4500 | ||
|---|---|---|---|
| 999 |
_c10749 _d10749 |
||
| 003 | AR-CdUCM | ||
| 008 | 190401b ||||| |||| 00| 0 spa d | ||
| 040 |
_aMUNICIPALIDAD PROVINCIAL DEL CUSCO _cBIBLIOTECA MUNICIPAL DEL CUSCO |
||
| 082 |
_a EP / 813 / _bA53 |
||
| 245 | _aCuentos de hadas Andersen / | ||
| 260 |
_aBarcelona : _bEdit. Molino, _c1960. |
||
| 300 |
_a111 paginas ; _bIlustraciones, _c29 cm. |
||
| 505 | _aContenido :Cuento / | ||
| 650 |
_aLiteratura educacional primaria _927715 |
||
| 650 |
_aCuentos _9217 |
||
| 700 |
_aAlfonso Nadal _927744 |
||
| 942 |
_2ddc _cLIBROS |
||
| 945 | _arjall | ||